000 00714nam a22002297a 4500
999 _c6220
_d6220
003 AR-CdUCM
008 190314b ||||| |||| 00| 0 spa d
040 _aMUNICIPALIDAD PROVINCIAL DEL CUSCO
_cBIBLIOTECA MUNICIPAL DEL CUSCO
082 _a869.96 /
_bM26
100 _aMarinello, Juan
_96121
245 _aActualidad americana de Jose Marti /
260 _aLa Habana :
_c1945.
300 _a29 páginas ;
_c23 cm,
500 _aDonación de la familia Nieto
505 _aContenido: Política y poesía -- Razón del genio político
650 _aCuba
_91821
650 _aLiteratura
_983
650 _aLiteratura Latinoamericana
_9799
650 _aJose Marti
_96318
942 _2ddc
_cLIBROS
945 _acmm